000 00295nam a22001217a 4500
008 160510b xxu||||| |||| 00| 0 eng d
020 _a9780073374949
020 _a9780073374949
041 _aeng
080 _a61
245 _aPractice management and EHR:
_cSusan M.Sanderson ;
942 _2udc
_cBK
999 _c1998
_d1998